• 首页
  • 本馆介绍
  • 公告通知
  • 最新文献
  • 馆藏检索
  • 电子资源
  • 读者荐购
  • 参考咨询
  • CALIS
  • 我的图书馆
  • 登录
  • 详细信息显示
  • 放入我的书架
  • 预约/预借图书
  • 作者相关作品
  • 分类相关作品
  • 丛书相关作品
  • 出版社相关作品

书目信息

  • 表格格式
  • 工作单格式
  • 卡片格式
题名:
药品检验检测与药学研究
    
 
作者: 李洁琼 主编
分册:  
出版信息: 汕头   汕头大学出版社  2024.12
页数: 154页
开本: 24cm
丛书名:
单 册:
中图分类: R927.1 , R9
科图分类:
主题词: 药品检定--yao pin jian ding--研究 , 药物学--yao wu xue--研究
电子资源:
ISBN: 978-7-5658-5504-7
 
 
 
 
 
000 01137nam0 2200277 450
001 93116
005 20250818190927.37
010    @a978-7-5658-5504-7@dCNY52.00
100    @a20250424d2024 em y0chiy50 ea
101 0  @achi
102    @aCN@b440000
105    @ay a 000yy
106    @ar
200 1  @a药品检验检测与药学研究@Ayao pin jian yan jian ce yu yao xue yan jiu@f主编李洁琼 ... [等]
210    @a汕头@c汕头大学出版社@d2024.12
215    @a154页@d24cm
304    @a题名页题其余责任者: 张志红, 李媛, 王玉珍, 高文华, 曲新梅等
320    @a有书目 (第153-154页)
330    @a本书系统性地论述了与药品检验相关的法律法规、检验项目、检验方法、原理等内容, 旨在使药学人员掌握与药品检验相关的药学理论与实验技能, 了解药品检验的法律法规, 树立药品安全观念, 并在此基础上建立质量源于设计的理念, 具有非常强的可操作性, 为药学人员提高综合素质、增强职业变化的适应能力和继续学习能力打下基础。
606 0  @a药品检定@Ayao pin jian ding@x研究
606 0  @a药物学@Ayao wu xue@x研究
690    @aR927.1@v5
690    @aR9@v5
701  0 @a李洁琼@Ali jie qiong@4主编
801  0 @aCN@c20250909
905    @a河南城建学院图书馆@dR927.1@eL180@f1
    
    药品检验检测与药学研究/主编李洁琼 ... [等].-汕头:汕头大学出版社,2024.12
    154页;24cm
    
    
    ISBN 978-7-5658-5504-7:CNY52.00
    本书系统性地论述了与药品检验相关的法律法规、检验项目、检验方法、原理等内容, 旨在使药学人员掌握与药品检验相关的药学理论与实验技能, 了解药品检验的法律法规, 树立药品安全观念, 并在此基础上建立质量源于设计的理念, 具有非常强的可操作性, 为药学人员提高综合素质、增强职业变化的适应能力和继续学习能力打下基础。
●
相关链接 在E读中查询图书 在当当中查询图书 在豆瓣中查询图书


正题名:药品检验检测与药学研究     索取号:R927.1/L180         预约/预借

序号 登录号 条形码 馆藏地/架位号 状态 备注
1 1627074   216270746   自科库401/401自科库 22排4列3层/ [索取号:R927.1/L180] 在馆    
河南城建学院图书馆 欢迎您!
大连网信软件有限公司© 版权所有